Intonationsstudien für Viola. T. 2, Tonleitern in allen Intervallen in Doppelgriffen in der ersten bis dritten Lage

Hlavní autor: Matz, Arnold, 1904-1991
Jazyk: Nelze použít, není lingvistický obsah
Vydáno: Leipzig : Breitkopf & Härtel, 1951
Edice: Edition Breitkopf
Fyzický popis: 19 s.
Hudebniny Hudebniny
Uloženo v:
LEADER 00944ncm a22002412a 4500
001 001202968
003 CZ BrMZK
005 20120404133651.0
007 qu
008 120328s1951 gw |||||||||||||||||zxx d
040 |a BOA001  |b cze 
072 7 |a 787  |x Hudba pro strunné a smyčcové nástroje  |2 Konspekt  |9 9 
100 1 |a Matz, Arnold,  |d 1904-1991  |7 mzk2011621472  |4 cmp 
245 1 0 |a Intonationsstudien für Viola.  |n T. 2,  |p Tonleitern in allen Intervallen in Doppelgriffen in der ersten bis dritten Lage  |h [hudebnina] /  |c Arnold Matz 
246 3 0 |a Tonleitern in allen Intervallen in Doppelgriffen in der ersten bis dritten Lage 
260 |a Leipzig :  |b Breitkopf & Härtel,  |c 1951 
300 |a 19 s. 
490 1 |a Edition Breitkopf ;  |v Nr. 5772b 
830 0 |a Edition Breitkopf 
910 |a BOA001  |b Mus4-0327.638,2,2 
990 |a MU 
991 |b 201203 
996 6 |b 2619357423  |c Mus4-0327.638,2  |l MZK  |r Sklad / do 1 hodiny  |n 0  |w 001236515  |u 000010  |a 1  |e BOA001  |j MZK50  |s P